• 首页
  • 本馆介绍
  • 公告通知
  • 最新文献
  • 馆藏检索
  • 电子资源
  • 读者导购
  • 参考咨询
  • 我的图书馆
  • 登录
  • 详细信息显示
  • 放入我的书架
  • 预约/预借图书
  • 作者相关作品
  • 分类相关作品
  • 丛书相关作品
  • 出版社相关作品

书目信息

  • 表格格式
  • 工作单格式
  • 卡片格式
书名: Second thoughts
作者: Wanda Teays.
分册号:
分册名:
出版地: LONDON :
 
出版社: mayfield publishing company
出版时间: c1995.
页数: 484 p. ;
开本: 23 cm.
丛书名:
中图分类号:
科图分类号:
其他分类号: B812
主题词:
电子资源: http://www.loc.gov/catdir/toc/mh023/2002071810.html      http://www.loc.gov/catdir/description/mh024/2002071810.html     
000 01327nam 2200337 a 4500
001 E0733727335
004 000814581
005 20070513092838.84
008 4001uueng0000000
008 020523s2003 mauac 001 0 eng
008 4001995 00000
010    @a2002071810
020    @a1-55934-479-2.
040    @aDLC @cDLC @dDLC
042    @apcc
050 00 @aBC177 @b.T4 2003
082 00 @a160 @221
090    @aB812.23
090    @aB812
099    @dB812@ex37
100 1  @aTeays, Wanda.
245 10 @aSecond thoughts :@bcritical thinking from a multicultural perspective / @cWanda Teays.
260    @aLONDON :@bmayfield publishing company,@cc1995.
300    @a484 p. ;@c23 cm.
500    @aIncludes index.
650  0 @aMulticulturalism.
650  0 @aReasoning.
650  0 @aCritical thinking.
852 0  @bWWJC @cJ09 @k2-2003 @hB812.23 @iT253/2003
856 41 @3Table of contents @uhttp://www.loc.gov/catdir/toc/mh023/2002071810.html @b01 @c20030225 @lNLC09 @h1133 @b00 @c20030225 @lNLC09 @h1133 @b00 @c20030225 @lNLC09 @h1134 @b00 @c20030715 @lNLC09 @h2302 @b40 @c20030716 @lNLC09 @h1003 @b00 @c20030717 @lNLC09 @h0156 @b40 @c20030820 @lNLC09 @h1449 @b00 @c20030820 @lNLC09 @h1454
856 42 @3Publisher description @uhttp://www.loc.gov/catdir/description/mh024/2002071810.html
    
    Second thoughts : : critical thinking from a multicultural perspective / / Wanda Teays.-LONDON : : mayfield publishing company, , c1995.
    484 p. ; ; 23 cm.
    Includes index.
    
    ISBN 1-55934-479-2.
    
●
相关链接 在E读中查询图书 在五车中查询图书 在当当中查询图书 在豆瓣中查询图书


正题名:Second thoughts     索取号:B812/x37         预约/预借

序号 登录号 条形码 馆藏地/架位号 状态 备注
1 0008465   300084655   第二样本阅览室/ [索取号:B812/x37] 在馆    
唐山师范学院图书馆 欢迎您!
大连网信软件有限公司© 版权所有